| 000 | 00636cam a2200205 a 4500 | ||
|---|---|---|---|
| 001 | 000002340 | ||
| 005 | 20200929150203.0 | ||
| 008 | 720201s1955 fr 001 0 fre | ||
| 040 |
_aDO-SdBNP _bspa _cBNPHU |
||
| 082 |
_ann. _bH447p |
||
| 100 | 1 |
_aHécaen, Henry, _d1912-1983. _97442 |
|
| 245 | 1 | 0 |
_aPathologie du langage, l'aphasie, / _cHenry Hécaen, René Angelergues. |
| 260 |
_aParis, : _bLarousse, _c1955. |
||
| 300 |
_a199 p. : _bil. ; _c21 cm. |
||
| 440 | 0 |
_aLangue et langage _97443 |
|
| 504 | _aBibliografía: p. 193-197. | ||
| 650 | 4 |
_aAfasia _97444 |
|
| 650 | 4 |
_aTrastorno del habla _97445 |
|
| 700 | 1 |
_aAngelergues, Réne _97446 |
|
| 999 |
_c2185 _d2185 |
||